[Event "Mittelfranken-chTB2a 1516"]
[Site "Mittelfranken"]
[Date "2016.02.28"]
[Round "7.6"]
[White "Martin, Hans"]
[Black "Meyer, Peter"]
[Result "1/2-1/2"]
[WhiteElo "1778"]
[BlackElo "1773"]
[PlyCount "86"]
[EventDate "2015.10.18"]
[EventType "team-tourn"]
[EventRounds "9"]
[EventCountry "GER"]
[SourceTitle "EXT 2020"]
[Source "ChessBase"]
[SourceDate "2019.10.17"]
[SourceVersion "1"]
[SourceVersionDate "2019.10.17"]
[SourceQuality "1"]
[WhiteTeam "Buechenbach/Roth II"]
[BlackTeam "Nuernberg Sued SW IV"]
[WhiteTeamCountry "GER"]
[BlackTeamCountry "GER"]

1. d4 f5 2. c4 Nf6 3. Nf3 b6 4. g3 Bb7 5. Bg2 e6 6. 0-0 Be7 7. Nc3 0-0 8. Bf4 d6 9. Re1 Qc8 10. a3 Nbd7 11. Ng5 Bxg2 12. Kxg2 e5 13. dxe5 dxe5 14. Be3 h6 15. Nd5 Qb7 16. Ne6 Rfc8 17. f3 Nxd5 18. Qxd5 Qxd5 19. cxd5 Nf6 20. Red1 Kf7 21. Nxc7 Rxc7 22. d6 Rc2 23. dxe7 Rxe2+ 24. Kf1 Rxe3 25. Rd8 Rxf3+ 26. Ke2 Rb3 27. Rb1 Kxe7 28. Rxa8 a5 29. Ra7+ Ke6 30. Rxg7 f4 31. gxf4 exf4 32. Rc7 f3+ 33. Kf1 Ng4 34. Rc3 Rb5 35. h3 Ne5 36. b4 Rd5 37. bxa5 bxa5 38. Rb6+ Kf5 39. Rxh6 Kg5 40. Rh8 Rd1+ 41. Kf2 Rd2+ 42. Kf1 Rd1+ 43. Kf2 Rd2+ 1/2-1/2

[Event "Calvia Amateur op 12th"]
[Site "Calvia"]
[Date "2015.10.11"]
[Round "2"]
[White "Meyer, Peter"]
[Black "Cerdo Fernandez, Miguel"]
[Result "1/2-1/2"]
[WhiteElo "2068"]
[BlackElo "1892"]
[PlyCount "64"]
[EventDate "2015.10.10"]
[EventType "swiss"]
[EventRounds "9"]
[EventCountry "ESP"]
[SourceTitle "EXT 2017"]
[Source "ChessBase"]
[SourceDate "2016.10.25"]
[SourceVersion "1"]
[SourceVersionDate "2016.10.25"]
[SourceQuality "1"]

1. e4 c5 2. Nc3 Nc6 3. Bb5 e5 4. Nf3 d6 5. h3 Nf6 6. d3 Be7 7. Nd5 Nxd5 8. Bxc6+ bxc6 9. exd5 cxd5 10. 0-0 0-0 11. Re1 Bb7 12. c4 d4 13. Nd2 Bg5 14. Ne4 Bxc1 15. Rxc1 f5 16. Nd2 Qf6 17. f3 Rae8 18. Qc2 Re6 19. Re2 Qh4 20. b4 g5 21. Rb1 Rf7 22. bxc5 dxc5 23. Nb3 g4 24. fxg4 fxg4 25. Nxc5 Ree7 26. Nxb7 Rxb7 27. Rxb7 Rxb7 28. hxg4 Qg3 29. Rf2 Qe3 30. c5 Rf7 31. Qd2 Rxf2 32. Qxf2 Qc1+ 1/2-1/2

[Event "Verbandsliga Suedbaden 1415"]
[Site "Baden"]
[Date "2014.10.12"]
[Round "1.6"]
[White "Meyer, Peter"]
[Black "Trifan, Andrei Ioan"]
[Result "1-0"]
[WhiteElo "2318"]
[BlackElo "1748"]
[PlyCount "95"]
[EventDate "2014.10.12"]
[EventType "team-tourn"]
[EventRounds "9"]
[EventCountry "GER"]
[SourceTitle "EXT 2022"]
[Source "ChessBase"]
[SourceDate "2021.10.06"]
[SourceVersion "1"]
[SourceVersionDate "2021.10.06"]
[SourceQuality "1"]
[WhiteTeam "Oberwinden"]
[BlackTeam "Lahr"]
[WhiteTeamCountry "GER"]
[BlackTeamCountry "GER"]

1. d4 d5 2. Nf3 e6 3. e3 c5 4. c3 Nf6 5. Bd3 Bd6 6. Nbd2 0-0 7. 0-0 Nc6 8. dxc5 Bxc5 9. e4 e5 10. exd5 Qxd5 11. Qe2 Bg4 12. Ne4 Nxe4 13. Bxe4 Qd6 14. Bxh7+ Kh8 15. Rd1 Qc7 16. Bc2 f5 17. h3 Bh5 18. g4 fxg4 19. hxg4 Bxg4 20. Qe4 Bf5 21. Qh4+ Kg8 22. Bb3+ Rf7 23. Ng5 Nd8 24. Rxd8+ Rxd8 25. Bxf7+ Kf8 26. Be3 Bxe3 27. fxe3 Qb6 28. Qb4+ Qxb4 29. cxb4 Ke7 30. Bb3 Rd2 31. Rf1 Bg6 32. Rf2 Rd6 33. Nf3 e4 34. Nd4 Rb6 35. b5 Rf6 36. Rxf6 gxf6 37. Kf2 Kd6 38. Kg3 Ke5 39. a4 f5 40. Ne2 b6 41. Nf4 Be8 42. Kh4 Bd7 43. Kg5 Bc8 44. Ng6+ Kd6 45. Kf4 Bd7 46. Nh4 Kc5 47. Nxf5 Kb4 48. Bc2 1-0

[Event "Verbandsliga Sued Baden 1314"]
[Site "Germany"]
[Date "2013.11.17"]
[Round "2.6"]
[White "Meyer, Peter"]
[Black "Kopp, Berthold"]
[Result "1/2-1/2"]
[WhiteElo "2318"]
[BlackElo "2202"]
[PlyCount "51"]
[EventDate "2013.10.20"]
[EventType "team-tourn"]
[EventRounds "9"]
[EventCountry "GER"]
[SourceTitle "EXT 2015"]
[Source "ChessBase"]
[SourceDate "2014.11.20"]
[SourceVersion "1"]
[SourceVersionDate "2014.11.20"]
[SourceQuality "1"]
[WhiteTeam "Oberwinden"]
[BlackTeam "Lahr"]
[WhiteTeamCountry "GER"]
[BlackTeamCountry "GER"]

1. e4 c6 2. d4 d5 3. e5 Bf5 4. Nc3 e6 5. Be3 Bb4 6. g4 Bg6 7. h4 h6 8. h5 Bh7 9. Bd3 Bxd3 10. Qxd3 Nd7 11. f4 Ne7 12. Nge2 Qc7 13. 0-0-0 0-0-0 14. f5 Bxc3 15. Nxc3 Kb8 16. Rdf1 Nc8 17. fxe6 fxe6 18. Ne2 Rde8 19. Kb1 Qd8 20. Rf7 Re7 21. Qg6 Rxf7 22. Qxf7 Qe7 23. Qxe7 Nxe7 24. Rf1 Rf8 25. Rxf8+ Nxf8 26. Ng3 1/2-1/2

[Event "Verbandsliga Sued Baden 1213"]
[Site "Baden"]
[Date "2013.03.24"]
[Round "8.3"]
[White "Meyer, Peter"]
[Black "Ahner, Thomas"]
[Result "0-1"]
[WhiteElo "2318"]
[BlackElo "2148"]
[PlyCount "58"]
[EventDate "2012.10.21"]
[EventType "team-tourn"]
[EventRounds "9"]
[EventCountry "GER"]
[SourceTitle "EXT 2014"]
[Source "ChessBase"]
[SourceDate "2013.11.20"]
[SourceVersion "1"]
[SourceVersionDate "2013.11.20"]
[SourceQuality "1"]
[WhiteTeam "Oberwinden"]
[BlackTeam "Horben"]
[WhiteTeamCountry "GER"]
[BlackTeamCountry "GER"]

1. d4 Nf6 2. Bg5 c5 3. d5 Qb6 4. Bc1 e6 5. c4 Qb4+ 6. Nc3 Qxc4 7. e4 Qb4 8. a3 Qa5 9. Bd2 d6 10. Nf3 e5 11. Nh4 Qd8 12. g3 a6 13. Bg2 b5 14. b4 Nbd7 15. f4 exf4 16. Bxf4 g6 17. 0-0 Nh5 18. Bd2 Bg7 19. Nf5 Be5 20. Nh6 f6 21. g4 Ng7 22. g5 Qe7 23. Qf3 fxg5 24. Qf7+ Qxf7 25. Nxf7 Rg8 26. Nxe5 Nxe5 27. Bxg5 c4 28. Rf6 Nf7 29. Raf1 Nxg5 0-1

[Event "Verbandsliga Sued Baden 0607"]
[Site "Germany"]
[Date "2007.03.11"]
[Round "7.5"]
[White "Horn, Volker"]
[Black "Meyer, Peter"]
[Result "1/2-1/2"]
[WhiteElo "1928"]
[BlackElo "2025"]
[PlyCount "60"]
[EventDate "2006.10.22"]
[EventType "team"]
[EventRounds "9"]
[EventCountry "GER"]
[SourceTitle "EXT 2008"]
[Source "ChessBase"]
[SourceDate "2007.11.25"]
[SourceVersion "1"]
[SourceVersionDate "2007.11.25"]
[SourceQuality "1"]
[WhiteTeam "Gottmadingen"]
[BlackTeam "Oberwinden"]
[WhiteTeamCountry "GER"]
[BlackTeamCountry "GER"]

1. c4 c6 2. Nc3 d5 3. cxd5 cxd5 4. d4 Nf6 5. Nf3 Nc6 6. g3 Bf5 7. Bg2 e6 8. Bg5 h6 9. Bxf6 Qxf6 10. Qb3 Rb8 11. Ne5 Nxe5 12. dxe5 Qe7 13. Qa4+ b5 14. Qa5 Qb7 15. b4 Qb6 16. Qxb6 Rxb6 17. a3 Be7 18. e4 dxe4 19. Nxe4 0-0 20. Rc1 a5 21. Nc5 Rc8 22. Ke2 axb4 23. axb4 Rc7 24. Rc3 f6 25. f4 fxe5 26. fxe5 Ra7 27. Rd1 Ra2+ 28. Rd2 Bg4+ 29. Bf3 Bxf3+ 30. Rxf3 Ra7 1/2-1/2

[Event "Verbandsliga Sued Baden 0506"]
[Site "Germany"]
[Date "2006.05.07"]
[Round "9.6"]
[White "Meyer, Peter"]
[Black "Richert, Klaus"]
[Result "0-1"]
[WhiteElo "2025"]
[BlackElo "1980"]
[PlyCount "32"]
[EventDate "2005.10.16"]
[EventType "team"]
[EventRounds "9"]
[EventCountry "GER"]
[SourceTitle "EXT 2007"]
[Source "ChessBase"]
[SourceDate "2006.11.23"]
[SourceVersion "1"]
[SourceVersionDate "2006.11.23"]
[SourceQuality "1"]
[WhiteTeam "Oberwinden"]
[BlackTeam "Zaehringen"]
[WhiteTeamCountry "GER"]
[BlackTeamCountry "GER"]

1. d4 Nf6 2. Nc3 d5 3. Bg5 Bf5 4. f3 Bg6 5. e3 c6 6. Bd3 Nbd7 7. e4 Qb6 8. Nge2 dxe4 9. Nxe4 Nxe4 10. fxe4 e5 11. c3 Bd6 12. 0-0 0-0 13. Kh1 Qc7 14. g3 Rae8 15. Qc2 c5 16. Rae1 c4 0-1

[Event "Verbandsliga Sued Baden 0506"]
[Site "Germany"]
[Date "2005.11.27"]
[Round "3.6"]
[White "Pepping, Simon"]
[Black "Meyer, Peter"]
[Result "0-1"]
[WhiteElo "2002"]
[BlackElo "2312"]
[PlyCount "108"]
[EventDate "2005.10.16"]
[EventType "team"]
[EventRounds "9"]
[EventCountry "GER"]
[SourceTitle "EXT 2007"]
[Source "ChessBase"]
[SourceDate "2006.11.23"]
[SourceVersion "1"]
[SourceVersionDate "2006.11.23"]
[SourceQuality "1"]
[WhiteTeam "Dreisamtal"]
[BlackTeam "Oberwinden"]
[WhiteTeamCountry "GER"]
[BlackTeamCountry "GER"]

1. Nf3 Nc6 2. d4 d5 3. c4 Bg4 4. e3 e5 5. Be2 exd4 6. Nxd4 Bxe2 7. Qxe2 Nxd4 8. exd4+ Qe7 9. c5 g6 10. Bf4 Bg7 11. Nc3 c6 12. 0-0-0 Qxe2 13. Nxe2 Ne7 14. Ng3 Kd7 15. Rhe1 Rae8 16. h4 h5 17. Be5 f6 18. Bf4 Nc8 19. Kd2 Rxe1 20. Rxe1 Re8 21. Rxe8 Kxe8 22. b4 Kd7 23. Kc3 Ke6 24. a4 a6 25. b5 axb5 26. axb5 cxb5 27. Kb4 Na7 28. Ka5 Kd7 29. Kb6 Nc6 30. Ne2 f5 31. Be3 b4 32. Kxb7 b3 33. Bc1 Bxd4 34. Nxd4 Nxd4 35. Kb6 Nc6 36. Kb5 Ne5 37. Ka4 Kc6 38. Kxb3 Kxc5 39. Kc2 Kc4 40. f3 d4 41. Bg5 Nd3 42. Kd2 Nc5 43. Kc2 Nb3 44. Bf6 Na5 45. Bg7 Nc6 46. Bf6 Nb4+ 47. Kd2 Nd5 48. Bg7 Ne3 49. Bh6 Nxg2 50. Bg5 f4 51. Bf6 Ne3 52. Bg5 Nf5 53. Bf6 d3 54. Bg5 Nd4 0-1

[Event "EU-Cup 21st"]
[Site "Saint Vincent"]
[Date "2005.09.19"]
[Round "2.6"]
[White "Meyer, Peter"]
[Black "Bangsbro, Allan"]
[Result "1/2-1/2"]
[WhiteElo "2118"]
[BlackElo "2139"]
[PlyCount "68"]
[EventDate "2005.09.18"]
[EventType "team-swiss"]
[EventRounds "7"]
[EventCountry "ITA"]
[SourceTitle "CBM 110"]
[Source "ChessBase"]
[SourceDate "2006.01.31"]
[SourceVersion "1"]
[SourceVersionDate "2006.01.31"]
[SourceQuality "1"]
[WhiteTeam "Niederrohrdorf"]
[BlackTeam "Aarhus"]
[WhiteTeamCountry "SUI"]
[BlackTeamCountry "DEN"]

1. d4 Nf6 2. c4 e6 3. Nf3 Bb4+ 4. Bd2 Qe7 5. Nc3 Bxc3 6. Bxc3 Ne4 7. Qc2 Nxc3 8. Qxc3 d6 9. e4 Nd7 10. e5 b6 11. Be2 Bb7 12. 0-0 a5 13. Qe3 0-0 14. Rfe1 Rad8 15. Rad1 Bxf3 16. Bxf3 dxe5 17. dxe5 Nc5 18. g3 Rxd1 19. Rxd1 Rd8 20. Rd4 Rxd4 21. Qxd4 Qd7 22. Qf4 h6 23. Be2 a4 24. Qe3 Qc6 25. Bf3 Qd7 26. Be2 a3 27. b4 Na6 28. Qxa3 Qd2 29. Bd3 g6 30. Qxa6 Qxd3 31. Qc8+ Kg7 32. Qxc7 Qb1+ 33. Kg2 Qe4+ 34. Kg1 Qb1+ 1/2-1/2

[Event "Verbandsliga Sued Baden 0405"]
[Site "Germany"]
[Date "2005.01.09"]
[Round "5.2"]
[White "Gattenloehner, Sebastian"]
[Black "Meyer, Peter"]
[Result "1/2-1/2"]
[WhiteElo "2235"]
[BlackElo "2306"]
[PlyCount "83"]
[EventDate "2004.10.10"]
[EventType "team"]
[EventRounds "9"]
[EventCountry "GER"]
[SourceTitle "EXT 2007"]
[Source "ChessBase"]
[SourceDate "2006.11.23"]
[SourceVersion "1"]
[SourceVersionDate "2006.11.23"]
[SourceQuality "1"]
[WhiteTeam "Engen"]
[BlackTeam "Oberwinden"]
[WhiteTeamCountry "GER"]
[BlackTeamCountry "GER"]

1. e4 e6 2. d4 d5 3. Nd2 Be7 4. Bd3 c5 5. dxc5 Nf6 6. Qe2 Nc6 7. Ngf3 Nb4 8. 0-0 Nxd3 9. cxd3 Bxc5 10. Nb3 Be7 11. Bg5 h6 12. Bxf6 Bxf6 13. e5 Be7 14. Nfd4 0-0 15. Kh1 f6 16. f4 fxe5 17. fxe5 Bd7 18. Rxf8+ Bxf8 19. Rf1 a5 20. Qh5 a4 21. Nd2 Qe8 22. Qg4 Kh7 23. N2f3 Qg6 24. Qxg6+ Kxg6 25. Nh4+ Kh7 26. Rc1 Be7 27. Nhf3 Bd8 28. Kg1 Bb6 29. Kf1 Rc8 30. Rxc8 Bxc8 31. Ke2 Bd7 32. a3 g5 33. h3 Kg6 34. g4 Bc5 35. Kd2 Kf7 36. Kc3 Ke8 37. Nd2 Kf7 38. N2f3 Ke8 39. Kc2 Kf7 40. Kd2 Ke8 41. Ke3 Kf7 42. Kd2 1/2-1/2